00956nam a2200265 a 450000100060000000300080000600500170001400800410003103500190007204000230009104100080011408200230012210000390014524500510018426000350023530000250027035000110029550400310030665000310033765000200036894200120038899900170040095201390041795201340055646489BD-RjUL20211209054147.0160802s1964 ii b 000 0 eng  a(BD-RjUL)46607 aDLCcDLCdDLCbeng aeng a342.5491bCHO 19641 aChaudhuri, Muzaffar Ahmed.913706710aOutlines of civics /cMuzaffar Ahmed Chaudhuri aChaumuhani :bPuthighar,c1964 avi, 594 p. ;c22 cm. aRs7.50 aBibliographical footnotes. 0aCivics, Pakistani.9141862 0aCivics.9128620 2ddccBK c46489d46489 00102ddc40708NFICaRUCLbRUCLcStackd1964-11-27eMirza bookg7.00l0o342.5491 CHO 1964r2016-08-02 00:00:00tC-2w2016-08-02yBK 00102ddc40718NFICaRUCLbRUCLcReadingd1964-10-26eN/Ag0.00l0o342.5491 CHO 1964r2017-01-21 00:00:00tC-1w2017-01-21yBK